Θεραπευτικές Ασκήσεις / Βασικές Αρχές και Τεχνικές (Record no. 5256)
[ view plain ]
| 000 -LEADER | |
|---|---|
| fixed length control field | 02373cam a22002054a 4500 |
| 005 - ΗΜΕΡΟΜΗΝΙΑ ΚΑΙ ΩΡΑ ΤΕΛΕΥΤΑΙΑΣ ΕΝΗΜΕΡΩΣΗΣ | |
| Πεδίο ελέγχου | 20250605164208.0 |
| 008 - FIXED-LENGTH DATA ELEMENTS--GENERAL INFORMATION | |
| Πεδίο ελέγχου σταθερού μήκους | 250528s ||||||||||||||||||||||||d |
| 035 ## - SYSTEM CONTROL NUMBER | |
| System control number | 20117 |
| 020 ## - ISBN | |
| ISBN | 9607461452 |
| 040 ## - ΠΗΓΗ ΚΑΤΑΛΟΓΟΓΡΑΦΗΣΗΣ | |
| Φορέας πρωτότυπης καταλογογράφησης | MC Athens Campus Library |
| Γλώσσα καταλογογράφησης | Ελληνικά, Μοντέρνα (1453-) |
| Modifying agency | MC Athens Campus Library |
| Κανόνες περιγραφικής καταλογογράφησης | AACR2 |
| 245 1# - ΤΙΤΛΟΣ ΚΑΙ ΔΗΛΩΣΗ ΥΠΕΥΘΥΝΟΤΗΤΑΣ | |
| Τίτλος | Θεραπευτικές Ασκήσεις / Βασικές Αρχές και Τεχνικές |
| 260 ## - PUBLICATION, DISTRIBUTION, ETC. | |
| Name of publisher, distributor, etc. | Ιατρικές Εκδόσεις Σιώκης, |
| Date of publication, distribution, etc. | 2003 |
| 300 ## - PHYSICAL DESCRIPTION | |
| Extent | 852 |
| 520 ## - SUMMARY, ETC. | |
| Summary, etc. | Το βιβλίο στοχεύει στον σχεδιασμό δημιουργικών και κατάλληλων προγραμμάτων θεραπευτικής άσκησης. Γενικές Αρχές και Τεχνικές, Εισαγωγή στη Θεραπευτική Άσκηση, Εύρος Κίνησης, Άσκηση με Αντίσταση, Αρχές της Αερόβιας Άσκησης, Διαστάσεις, Αρθρική Κινητοποίηση Περιφερικών Αρθώσεων, Εφαρμογή των Τεχνικών Θεραπευτικής Άσκησης σε Περιοχές του Σώματος, Αρχές Θεραπείας Μαλακών Ιστών και Οστών και Μετεγχειρητικών Προβλημάτων, Ώμος και Ωμική Ζώνη, Το Σύμπλεγμα Αγκώνα - Αντιβραχίου, Ο Καρπός και το Χέρι, Το Ισχίο, Το Γόνατο, Η Ποδοκνημική και το Πόδι, Σπονδυλική Στήλη: Οξέα Προβλήματα, Σπονδυλική Στήλη: Υποξέα Χρόνια Προβλήματα και Προβλήματα Στάσης, Σπονδυλική Στήλη: Διαδικασίες Έλξης, Ειδικές Εφαρμογές της Θεραπευτικής Άσκησης, Βασικές Αρχές Άσκησης σε Έγκυο Ασθενή, Αντιμετώπιση των Αγγειακών Παθήσεων των Άκρων, Φυσιοθεραπεία του Θώρακα, Αντιμετώπιση Αποφρακτικών και Περιοπιστικών Αναπνευστικών Νοσημάτων, Κριτική Ανάλυση Προγραμμάτων Άσκησης, Γλωσσάρι, Ευρετήριο. |
| 700 1# - ΠΡΟΣΘΕΤΗ ΑΝΑΓΡΑΦΗ--ΦΥΣΙΚΟ ΠΡΟΣΩΠΟ | |
| Personal name | Colby Lynn Allen |
| 9 (RLIN) | 5794 |
| 700 1# - ΠΡΟΣΘΕΤΗ ΑΝΑΓΡΑΦΗ--ΦΥΣΙΚΟ ΠΡΟΣΩΠΟ | |
| Personal name | Kisner Carolyn |
| 9 (RLIN) | 5795 |
| 942 ## - ADDED ENTRY ELEMENTS (KOHA) | |
| Koha item type | Books |
| Τύπος τεκμηρίου | Βιβλιοθήκη | Τρέχουσα τοποθεσία | Barcode | Αριθμός εισαγωγής | Ημερομηνία απόκτησης | Ταξιθετικό σύμβολο | Αριθμός αντιτύπου | Κατάσταση απόσυρσης | Κατάσταση χαμένου | Κατάσταση κατεστραμμένου | Μη δανεισμός | Σύνολο δανεισμών | Ημερομηνία τελευταίας εμφάνισης | Η τιμή ισχύει από |
|---|---|---|---|---|---|---|---|---|---|---|---|---|---|---|
| Books | MC Athens Campus Library | MC Athens Campus Library | 9780000052551 | 6342 | 05/06/2025 | REF 615.82 KIS | 1 | 05/06/2025 | 05/06/2025 |